000 00753nam a2200205Ia 4500
999 _c40172
_d40172
001 6778
003 GE_BSU
005 20191230122152.0
008 181216s1945||||ge |||||||||||||| ||geo||
040 _cGE_BSU
041 _ageo
080 _a821.353.1-32 გ-45
100 _aგვეტაძე, რაჟდენ.
_95973
245 _aნოველები :
_bკრებული /
_cრაჟდენ გვეტაძე ; რედ. დ. ბენაშვილი.
264 _aთბილისი :
_bსაბჭ.მწერალი,
_c1945.
300 _a296 გვ. ;
_c16 სმ.
653 _aნოველები
700 _aბენაშვილი, დ.
_eრედაქტორი
_94319
942 _cBK
_2udc